Presidents of Brazil Quiz Stats

 Plays Quiz Updated Mar 16, 2020

     
Support Sporcle.
Go Orange.
Score 0/44 Timer 12:00
1 Play Today
# President % Correct
41Luiz Inácio Lula da Silva
92.6%
44Jair Bolsonaro
92.1%
43Michel Temer
86.6%
17Getúlio Vargas
77.9%
20Getúlio Vargas
77.9%
40Fernando H. Cardoso
76.3%
38Fernando Collor
72.7%
42Dilma Rousseff
70.3%
1Deodoro da Fonseca
68.6%
24Juscelino Kubitschek
65.8%
39Itamar Franco
65.8%
37José Sarney
65.2%
30Costa e Silva
64.8%
27João Goulart
63.3%
25Jânio Quadros
60.6%
34Emílio G. Médici
57.8%
2Floriano Peixoto
56.4%
29Castelo Branco
56.3%
36João B. Figueiredo
54.6%
35Ernesto Geisel
54.2%
8Hermes da Fonseca
48.3%
21Café Filho
47.1%
# President % Correct
13Washington Luís
46.5%
19Gaspar Dutra
46.1%
3Prudente de Morais
38%
5Rodrigues Alves
34.4%
4Campos Sales
32.1%
6Afonso Pena
31%
7Nilo Peçanha
30.5%
11Epitácio Pessoa
30.1%
9Venceslau Brás
30.1%
12Arthur Bernardes
29.6%
22Carlos Luz
28.8%
26Paschoal R. Mazzilli
27.1%
28Paschoal R. Mazzilli
27.1%
23Nereu de O. Ramos
26.3%
10Delfim Moreira
23.7%
32Augusto Rademaker
20.6%
18José Linhares
19.6%
33Márcio Melo
19%
14Menna Barreto
16.2%
31Aurélio de Lira
16%
16Augusto Fragoso
15.8%
15Isaías de Noronha
15.2%

From the Vault

Odd One Out: World Leaders

by kittypoo

History 8m
Once the stress of leading a country gets a hold of you, you're probably going to get a little odd sometimes.
Remove Ads.
Support Sporcle.
Get the best of Sporcle when you Go Orange. This ad-free experience offers more features, more stats, and more fun while also helping to support Sporcle. Thank you for becoming a member.

Show Comments

Extras

Top Quizzes Today


Score Distribution

Your Account Isn't Verified!

In order to create a playlist on Sporcle, you need to verify the email address you used during registration. Go to your Sporcle Settings to finish the process.

Report this User

Report this user for behavior that violates our Community Guidelines.

Details: